| 000 | 00383nam a2200121Ia 4500 | ||
|---|---|---|---|
| 008 | 230907s9999||||xx |||||||||||||| ||und|| | ||
| 082 | _a333.79320681,MAZ | ||
| 100 |
_aMazer, Arthur, _9115314 |
||
| 245 | 0 | _aElectric power planning for regulated and deregulated markets | |
| 260 |
_aIEEE Press : | Wiley-Interscience, _bHoboken, N.J. : _c2007 |
||
| 300 | _axix, 313 p. : | ||
| 942 | _cBK | ||
| 999 |
_c598079 _d598079 |
||